Poistenie neštandardného rizika v životnom poistení
Gespeichert in:
| 1. Verfasser: | |
|---|---|
| Format: | Buchkapitel |
| Sprache: | Slowakisch |
| Schlagworte: | |
| Tags: |
Keine Tags, Fügen Sie das erste Tag hinzu!
|
MARC
| LEADER | 00000naa$a2200000$$$4500 | ||
|---|---|---|---|
| 001 | 0078973 | ||
| 005 | 20240502071914.6 | ||
| 041 | 0 | |a slo | |
| 044 | |a SK | ||
| 245 | 1 | 0 | |a Poistenie neštandardného rizika v životnom poistení |c Ingrid Krčová |
| 500 | |a Abstrakt | ||
| 610 | 2 | 0 | |a poistenie životné |
| 610 | 2 | 0 | |a poistníci |
| 610 | 2 | 0 | |a úmrtnosť |
| 610 | 2 | 0 | |a pravdepodobnosť |
| 610 | 2 | 0 | |a riziko poistné |
| 100 | 1 | |a Krčová, Ingrid, 1969- | |